Faraday, Maxwell y Kelvin

Guardat en:
Dades bibliogràfiques
Autor principal: MacDonald, David Keith Chalmers (autor)
Format: Llibre
Idioma:espanyol
Publicat: Buenos Aires EUDEBA 1966
Col·lecció:Ciencia Joven
Matèries:
Etiquetes: Afegir etiqueta
Sense etiquetes, Sigues el primer a etiquetar aquest registre!

MARC

LEADER 00000nam a2200000 a 4500
001 UCT1023
003 CL-VaPUC
005 20211102134324.0
008 960913e19660000AG |||||||||||||||||spa|d
999 |c 251698  |d 251696 
040 |c Pontificia Universidad Católica de Valparaíso 
082 0 4 |a 530  |b MAC  |2 21 
100 |a MacDonald, David Keith Chalmers  |e autor  |9 536158 
245 1 0 |a Faraday, Maxwell y Kelvin 
260 |a Buenos Aires  |b EUDEBA  |c 1966 
300 |a 157 p 
490 0 |a Ciencia Joven 
583 |a last modification  |c 19960913 00:00:00  |k Rodrigo Vera 
600 0 7 |a FARADAY, MICHAEL  |2 CL-VaPUC  |9 369697 
600 0 7 |a THOMSON, WILLIAM  |2 CL-VaPUC  |9 369698 
600 0 7 |a Maxwell, James Clerk,  |d 1831-1879  |9 864012 
650 0 |a Física   |9 227844 
650 0 |a Química física  |9 260596 
650 7 |a CIENCIAS FUNDAMENTALES  |2 CL-VaPUC  |9 369700 
650 0 |a Ciencias físicas y naturales  |9 360507 
942 |c BK  |2 ddc 
945 |d 19960913 00:00:00  |a cmena 
952 |0 0  |1 0  |4 0  |6 530_000000000000000_MAC_1966  |7 0  |8 A  |9 271026  |a BIBCUR  |b BIBCUR  |d 2019-11-19  |i 2682850  |o 530 MAC 1966  |p 2682850  |r 2025-04-22  |w 2019-11-19  |y BK  |k BCB 
952 |0 0  |1 0  |4 0  |6 530_000000000000000_MAC_1966  |7 0  |8 A  |9 271028  |a BIBCUR  |b BIBCUR  |d 2019-11-19  |i 1748262  |o 530 MAC 1966  |p 1748262  |r 2025-04-22  |w 2019-11-19  |y BK  |k BCB 
952 |0 0  |1 0  |4 0  |6 530_000000000000000_MAC_1966  |7 0  |8 A  |9 271029  |a BIBCUR  |b BIBCUR  |d 2019-11-19  |i 4532384  |o 530 MAC 1966  |p 4532384  |r 2025-04-22  |w 2019-11-19  |y BK  |k FIS